000 00433nam a22001457a 4500
020 _a9789699290091
082 _a297.4
_bBAH
100 _aBahu, Sultan
245 _aKalid Tauheed (Kalain) /
_cSultan Bahu and Translated by Syed Ameer Khan Niazi
260 _aLahore :
_bAl-Arifeen Publications,
_c2015.
300 _a677 p. ;
_c22 cm.
563 _aHBK.
880 _6245-02\r
_aکلید التوحید /
942 _2ddc
_cBK
999 _c590297
_d590297